000 00563nam a22002057a 4500
003 OSt
005 20240610122231.0
008 240610b |||||||| |||| 00| 0 eng d
020 _a0-8247-9159-2
040 _cMUST
082 _a512.02
100 _aspindler, Karlheiz
_917005
245 _aAbstract Algebra with Applications :
_bRings and Fields /
_cSpindler Karlheiz
260 _aNew York
_bMarcel Dekker, Inc
_c1994
300 _axv,530p.
_b: ill
_c; 26 cm
440 _vVolume 11
504 _aincludes index
650 _2Algebra
942 _2ddc
_cO_SHELF
999 _c8358
_d8358